| 000 | 00750nam a2200241Ia 4500 | ||
|---|---|---|---|
| 003 | GCL | ||
| 008 | 140319s9999 xx 000 0 ara d | ||
| 040 |
_aGCL / _cGCL |
||
| 082 | 0 | 4 |
_a327.11 _bع ح |
| 100 | 1 | _aعوده بطرس عوده | |
| 245 | 1 | 0 |
_aحرب الخليج من المسؤول / _cعوده بطرس عوده |
| 260 |
_a[S.N] : _bوكالة التوزيع الاردنية ، _c1992 |
||
| 300 | _a304 ص | ||
| 490 | _a | ||
| 650 | 0 | 4 | _aالكويت |
| 650 | 0 | 4 | _aالعالم العربى |
| 650 | 0 | 4 | _aالاحوال السياسية |
| 650 | 0 | 4 | _aالعراق |
| 650 | 0 | 4 | _aالولايات المتحدة الامريكية |
| 650 | 0 | 4 | _aحرب الخليج |
| 650 | 0 | 4 | _aالقوات المسلحة |
| 942 |
_2ddc _cBK |
||
| 999 |
_c28476 _d28476 |
||